000 02618cam a2200373 a 4500
001 16094291
005 20170105102904.0
008 100217s2011 enk b 101 0 eng
010 _a 2010005350
020 _a9780415355926 (hardback)
020 _a0415355923 (hardback)
035 _a(OCoLC)ocn522429335
040 _aDLC
_cDLC
_dYDX
_dBWK
_dYDXCP
_dRCE
_dIAY
_dLML
_dDLC
043 _ae------
050 0 0 _aBP43.E85
_bP76 2011
082 0 0 _a297.7/7094
_222
245 0 0 _aProducing Islamic knowledge :
_btransmission and dissemination in Western Europe /
_cedited by Martin van Bruinessen and Stefano Allievi.
260 _aLondon ;
_aNew York :
_bRoutledge,
_c2011.
300 _axii, 196 p. ;
_c25 cm.
490 1 _aRoutledge Islamic studies series
500 _a"Early versions of most chapters were presented as work in progress at the Fourth Mediterranean Social and Political Research Meeting in Montecatini Terme in 2003"--Pref.
504 _aIncludes bibliographical references and index.
505 0 _aProducing Islamic knowledge in Western Europe: discipline, authority, and personal quest / Martin van Bruinessen -- Muslim voices, European ears: exploring the gap between the production of Islamic knowledge and its perception / Stefano Allievi -- An emerging european Islam: the case of the minhajul Qur'an in the Netherlands / Amer Morgahi -- Religious authority, social action and political participation: a case study of the Mosquée de la rue de Tanger in Paris / Valérie Amiraux -- The pattern of Islamic reform in Britain: the Deobandis between intra-Muslim sectarianism and engagement with wider society / Jonathan Birt and Philip Lewis -- Transnational ulama, European fatwas, and Islamic authority: a case study of the European Council for Fatwa and Research / Alexandre Caeiro -- Cyber-fatwas, sermons, and media campaigns: Amr Khaled and Omar Bakri Muhammad in search of new audiences / Ermete Mariani -- Guénonian traditionalism and European Islam / Mark Sedgwick.
650 0 _aIslamic religious education
_zEurope
_vCongresses.
650 0 _aIslam
_zEurope
_vCongresses.
700 1 _aBruinessen, Martin van.
700 1 _aAllievi, Stefano.
711 2 _aMediterranean Social and Political Research Meeting
_n(4th :
_d2003 :
_cMontecatini Terme, Italy)
830 0 _aRoutledge Islamic studies.
906 _a7
_bcbc
_corignew
_d1
_eecip
_f20
_gy-gencatlg
942 _2ddc
_cBK
999 _c14785
_d14785